000 00624nam a2200181Ia 4500
008 090124s9999 xx 000 0 und d
082 _b36846
100 _aदातार प्रदीप दत्तात्रय
245 _a व्रतस्थ
250 _a1
260 _bप्रतिभा प्रदीप दातार
_c1999
300 _a233
600 _aदातार प्रदीप दत्तात्रय
630 _a व्रतस्थ
700 _aदातार प्रदीप दत्तात्रय
730 _a व्रतस्थ
942 _cBOOK
999 _c102851
_d102851